Investigación en ciencias de la salud (Registro nro. 5139)
[ vista simple ]
| 000 -CABECERA | |
|---|---|
| campo de control de longitud fija | 00648nam a22002177a 4500 |
| 003 - IDENTIFICADOR DEL NÚMERO DE CONTROL | |
| campo de control | AR-RoIUNI |
| 005 - FECHA Y HORA DE LA ÚLTIMA TRANSACCIÓN | |
| campo de control | 20241122062857.0 |
| 008 - DATOS DE LONGITUD FIJA--INFORMACIÓN GENERAL | |
| campo de control de longitud fija | 200204b xxu||||| |||| 00| 0 spa d |
| 040 ## - FUENTE DE LA CATALOGACIÓN | |
| Centro/agencia transcriptor | AR-RoIUNI |
| 080 ## - NÚMERO DE LA CLASIFICACIÓN DECIMAL UNIVERSAL | |
| Número de la Clasificación Decimal Universal | 001 ROD |
| 100 1# - ENTRADA PRINCIPAL--NOMBRE DE PERSONA | |
| Nombre de persona | Rodríguez León, Nicolás |
| 9 (RLIN) | 524 |
| 245 1# - MENCIÓN DE TÍTULO | |
| Título | Investigación en ciencias de la salud |
| Resto del título | Fundamentos prácticos |
| 260 ## - PUBLICACIÓN, DISTRIBUCIÓN, ETC. (PIE DE IMPRENTA) | |
| Lugar de publicación, distribución, etc. | Rosario |
| Nombre del editor, distribuidor, etc. | IUNIR |
| Fecha de publicación, distribución, etc. | s.f. |
| 300 ## - DESCRIPCIÓN FÍSICA | |
| Extensión | 98 p. |
| Dimensiones | 29 cm. |
| 650 10 - PUNTO DE ACCESO ADICIONAL DE MATERIA--TÉRMINO DE MATERIA | |
| 9 (RLIN) | 485 |
| Término de materia o nombre geográfico como elemento inicial | Metodología de la Investigación |
| 650 10 - PUNTO DE ACCESO ADICIONAL DE MATERIA--TÉRMINO DE MATERIA | |
| 9 (RLIN) | 484 |
| Término de materia o nombre geográfico como elemento inicial | Investigación Científica |
| 700 1# - PUNTO DE ACCESO ADICIONAL--NOMBRE DE PERSONA | |
| 9 (RLIN) | 567 |
| Nombre de persona | Coscarelli, Enrique |
| Títulos y otros términos asociados al nombre | Dr. |
| 700 1# - PUNTO DE ACCESO ADICIONAL--NOMBRE DE PERSONA | |
| 9 (RLIN) | 572 |
| Nombre de persona | Serpa, Idelma |
| 700 1# - PUNTO DE ACCESO ADICIONAL--NOMBRE DE PERSONA | |
| 9 (RLIN) | 568 |
| Nombre de persona | Secchi, Mario A. |
| Títulos y otros términos asociados al nombre | Dr. |
| 942 ## - ELEMENTOS DE PUNTO DE ACCESO ADICIONAL (KOHA) | |
| Fuente del sistema de clasificación o colocación | Clasificación Decimal Universal |
| Tipo de ítem Koha | Libros |
| Estado de retiro | Estado de pérdida | Fuente del sistema de clasificación o colocación | Estado dañado | Excepción de préstamo | Localización permanente | Ubicación/localización actual | Ubicación en estantería | Fecha de adquisición | Número de inventario | Total de préstamos | Renovaciones totales | Signatura topográfica completa | Código de barras | En préstamo | Fecha visto por última vez | Fecha del último préstamo | Precio válido a partir de | Tipo de ítem Koha | Código de colección |
|---|---|---|---|---|---|---|---|---|---|---|---|---|---|---|---|---|---|---|---|
| Clasificación Decimal Universal | BIBLIOTECA CENTRAL | BIBLIOTECA CENTRAL | BIBLIOTECA CENTRAL | 04/02/2020 | 6732 | 001 ROD | 6732c | 04/02/2020 | 04/02/2020 | Libros | IUNIR Ediciones | ||||||||
| Clasificación Decimal Universal | DEPOSITO Biblioteca Central | DEPOSITO Biblioteca Central | DEPOSITO Biblioteca Central | 04/02/2020 | 6731 | 1 | 4 | 001 ROD | 6731c | 02/08/2021 | 04/02/2020 | 04/02/2020 | 04/02/2020 | Libros |

